Odpowiedź zaczyna się na literę A - Statystyki

Ogólne statystyki
  • Ten quiz został rozwiązany 529 razy
  • Średni wynik to 8 z 15
Statystyki odpowiedzi
Pytanie Odpowiedź % Poprawnych
Marka samochodu z kółkami w logo Audi
93%
Jednostka natężenia prądu elektrycznego Amper
87%
Łancuch górski w Ameryce Południowej Andy
87%
Rdzenny lud Australii Aborygeni
74%
Państwo europejskie z dużą ilościa schronów (bunkrów) pozostałych po konfliktach zbrojnych Albania
68%
Choroba występująca głównie u starszych ludzi wywołująca zaniki pamięci, czy też trudności we władaniu językiem Alzheimer
67%
Wielki kanał wodociągowy doprowadzający wodę do miast (głownie budowany w starożytnym Rzymie i Grecji) Akwedukt
57%
Polski bank uznany w 2012 roku za piramidę finansową Amber gold
56%
Wynalazca dynamitu Alfred Nobel
50%
Akt porzucenia wiary religijnej Apostazja
48%
jedna z głównych ulic Warszawy, biegnąca od mostu Poniatowskiego do południowo-zachodnich granic miasta Aleje Jerozolimskie
38%
Zespół rockowy, którego wokalistą jest Steven Tyler Aerosmith
37%
Seria gier od Ubisoft z otwartym światem Assassin's Creed
28%
Stolica Paragwaju Asuncion
25%
Postać z komiksów z Batmanem, który wychowywał młodego Bruce'a Wayne'a Alfred Pennyworth
4%
Nie znaleziono quizów pasujących do podanych kryteriów
Rozkład punktacji
Procent ludzi z każdym wynikiem
Percentyl według liczby udzielonych odpowiedzi
Twoja historia wyników
Nie rozwiązałeś tego quizu